| 000 | 00386nam a2200157Ia 4500 | ||
|---|---|---|---|
| 008 | 221030s9999 xx 000 0 und d | ||
| 020 | _a9789353595999 | ||
| 041 | _aEnglish | ||
| 100 | _aV. Kumar | ||
| 245 | 0 |
_aBusiness Communication _cby V. Kumar, Bodh Raj |
|
| 260 |
_bKalyani Pub. _aLudhiana _c2020 |
||
| 300 | _a18.8 | ||
| 650 | _aManagement | ||
| 700 | _aBodh Raj | ||
| 942 | _cBK | ||
| 999 |
_c18685 _d18685 |
||